Biblioteca

Orientaciones teológicas y pastorales de la Renovación Carismática Católica / Servicios de la Renovación Carismática Católica ; Hugo R. Ramírez, Traductor (Registro nro. 42864)

Detalles MARC
000 -LÍDER
Campo fijo de descripción fija 005130000a22001570004500
041 0# - CÓDIGO DE IDIOMA
Código de idioma para texto/pista de sonido o título separado
082 04 - NÚMERO DE CLASIFICACIÓN DECIMAL DEWEY
Número de clasificación G 270.82 R419o
001 - NÚMERO DE CONTROL
Campo de control 13933
245 10 - TÍTULO
Título del Material Orientaciones teológicas y pastorales de la Renovación Carismática Católica / Servicios de la Renovación Carismática Católica ; Hugo R. Ramírez, Traductor
260 ## - PUBLICACIÓN, DISTRIBUCIÓN, ETC. (PIE DE IMPRENTA)
Lugar de publicación, distribución, etc. Aguas Buenas : Nueva Vida
300 ## - DESCRIPCIÓN FÍSICA
Extensión 79 Pág.
336 ## - CONTENT TYPE
Content type term texto
Content type code txt
Source rdacontent
337 ## - MEDIA TYPE
Source rdamedia
Media type term sin mediación
Media type code n
338 ## - CARRIER TYPE
Source rdacarrier
Carrier type term volumen
Carrier type code nc
942 ## - TIPO DE MATERIAL (KOHA)
Tipo de Item KOHA Libros General
Existencias
Estado de Material Estado de Perdido Estado de Dañado No para Préstamo Colección Tomo Biblioteca de Origen Biblioteca Permanente Fecha de Adquisición Total de Préstamos Signatura Topográfica Código de Barras Última vez visto Última vez Préstado Ejemplar/Existencia Fecha de Remplazo Tipo de Material
        Colección General   Biblioteca FUSBC Biblioteca FUSBC 17/08/2006 1 G 270.82 R419o 16190 09/05/2025 09/05/2025 1 26/01/2016 Libros General

Biblioteca FUSBC | Teléfono: (57+4) 349 88 10 Ext. 141| WhatsApp (+57) 3005338115 
E-mail: biblioteca@unisbc.edu.co | Calle 76 87-14 Robledo Palenque, Medellín, Colombia

Con tecnología Koha